000 00562nam a22001577a 4500
080 _a342
100 _4aut
_aGonzáles, Silvia
245 _ala Fuerza del Derecho o ¿el Derecho de la Fuerza?
300 _a53 P.
500 _aDirector de tesis:
502 _aTesis (Especialización)--Universidad Nacional de Mar del Plata. Facultad de Derecho, Departamento de Posgrado, 2006.
504 _aTiene Bibliografía: P. 51- 53.
650 _2IEDCYT
_aderecho
_aderecho político
_apoder
_ademocracia
_adivisión de poderes
945 _acd
_d2017-08-08
999 _c4556
_d235060